NBA Leading Scorer Every Year by Letter - F - Statistics

General Stats
  • This quiz has been taken 44 times
  • The average score is 31 of 76
Answer Stats
Year PPG Team Player % Correct
2019 17.3 Sacramento Kings De'Aaron Fox
83%
2020 21.1 Sacramento Kings De'Aaron Fox
83%
2021 25.2 Sacramento Kings De'Aaron Fox
83%
2022 23.2 Sacramento Kings De'Aaron Fox
83%
2023 25.0 Sacramento Kings De'Aaron Fox
83%
2024 26.6 Sacramento Kings De'Aaron Fox
83%
2025 23.5 Sacramento Kings De'Aaron Fox
83%
1994 10.8 Boston Celtics Rick Fox
83%
1995 8.8 Boston Celtics Rick Fox
83%
1997 15.4 Boston Celtics Rick Fox
83%
1969 17.5 New York Knicks Walt Frazier
71%
1970 20.9 New York Knicks Walt Frazier
71%
1971 21.7 New York Knicks Walt Frazier
71%
1972 23.2 New York Knicks Walt Frazier
71%
1973 21.1 New York Knicks Walt Frazier
71%
1974 20.5 New York Knicks Walt Frazier
71%
1975 21.5 New York Knicks Walt Frazier
71%
1976 19.1 New York Knicks Walt Frazier
71%
1977 17.4 New York Knicks Walt Frazier
71%
1978 16.2 Cleveland Cavaliers Walt Frazier
71%
1996 15.0 Phoenix Suns Michael Finley
51%
1998 21.5 Dallas Mavericks Michael Finley
51%
1999 20.2 Dallas Mavericks Michael Finley
51%
2000 22.6 Dallas Mavericks Michael Finley
51%
2001 21.5 Dallas Mavericks Michael Finley
51%
2004 18.6 Dallas Mavericks Michael Finley
51%
2002 21.6 Houston Rockets Steve Francis
46%
2003 21.0 Houston Rockets Steve Francis
46%
2005 21.3 Orlando Magic Steve Francis
46%
2006 14.4 Orlando Magic Steve Francis
46%
2017 17.2 Orlando Magic Evan Fournier
43%
2018 17.8 Orlando Magic Evan Fournier
43%
1979 28.8 San Diego Clippers World B. Free
40%
1980 30.2 San Diego Clippers World B. Free
40%
1981 24.1 Golden State Warriors World B. Free
40%
1982 22.9 Golden State Warriors World B. Free
40%
1983 23.9 Cleveland Cavaliers World B. Free
40%
1984 22.3 Cleveland Cavaliers World B. Free
40%
1985 22.5 Cleveland Cavaliers World B. Free
40%
1986 23.4 Cleveland Cavaliers World B. Free
40%
1950 14.2 Philadelphia Warriors Joe Fulks
37%
1951 18.7 Philadelphia Warriors Joe Fulks
37%
2015 16.0 Utah Jazz Derrick Favors
26%
2016 16.4 Utah Jazz Derrick Favors
26%
1987 18.8 Golden State Warriors Sleepy Floyd
23%
1988 15.0 Houston Rockets Sleepy Floyd
23%
2014 13.7 Denver Nuggets Kenneth Faried
20%
1952 15.9 Fort Wayne Pistons Larry Foust
20%
1953 14.3 Fort Wayne Pistons Larry Foust
20%
1955 17.0 Fort Wayne Pistons Larry Foust
20%
1956 16.2 Fort Wayne Pistons Larry Foust
20%
1957 12.4 Fort Wayne Pistons Larry Foust
20%
1958 16.8 Minneapolis Lakers Larry Foust
20%
1959 12.3 Minneapolis Lakers Larry Foust
20%
1960 12.2 Minneapolis Lakers Larry Foust
20%
2007 14.0 Charlotte Bobcats Raymond Felton
20%
2008 14.4 Charlotte Bobcats Raymond Felton
20%
2011 15.5 New York Knicks Raymond Felton
20%
2012 11.4 Portland Trail Blazers Raymond Felton
20%
2013 13.9 New York Knicks Raymond Felton
20%
1989 14.3 Indiana Pacers Vern Fleming
17%
1990 14.3 Indiana Pacers Vern Fleming
17%
1991 12.7 Indiana Pacers Vern Fleming
17%
1961 11.3 Detroit Pistons Bob Ferry
14%
1962 13.9 Detroit Pistons Bob Ferry
14%
1963 13.6 Detroit Pistons Bob Ferry
14%
1964 10.6 Detroit Pistons Bob Ferry
14%
1966 7.3 Baltimore Bullets Bob Ferry
14%
1967 6.5 Baltimore Bullets Bob Ferry
14%
2009 16.3 Minnesota Timberwolves Randy Foye
14%
1992 12.7 Atlanta Hawks Duane Ferrell
9%
1993 10.2 Atlanta Hawks Duane Ferrell
9%
2010 13.5 Minnesota Timberwolves Jonny Flynn
9%
1965 6.8 St. Louis Hawks Mike Farmer
9%
1954 17.6 Baltimore Bullets Ray Felix
9%
1968 11.6 San Diego Rockets Hank Finkel
3%
No matching quizzes found
Score Distribution
Percent of People with Each Score
Percentile by Number Answered
Your Score History
You have not taken this quiz